<?xml version="1.0" encoding="UTF-8"?><?xml-stylesheet type="text/xsl" href="static/style.xsl"?><OAI-PMH xmlns="http://www.openarchives.org/OAI/2.0/" xmlns:xsi="http://www.w3.org/2001/XMLSchema-instance" xsi:schemaLocation="http://www.openarchives.org/OAI/2.0/ http://www.openarchives.org/OAI/2.0/OAI-PMH.xsd"><responseDate>2026-04-14T04:41:35Z</responseDate><request verb="GetRecord" identifier="oai:www.recercat.cat:20.500.12327/2943" metadataPrefix="marc">https://recercat.cat/oai/request</request><GetRecord><record><header><identifier>oai:recercat.cat:20.500.12327/2943</identifier><datestamp>2025-10-22T11:33:09Z</datestamp><setSpec>com_2072_4428</setSpec><setSpec>com_2072_4427</setSpec><setSpec>col_2072_487898</setSpec></header><metadata><record xmlns="http://www.loc.gov/MARC21/slim" xmlns:dcterms="http://purl.org/dc/terms/" xmlns:xsi="http://www.w3.org/2001/XMLSchema-instance" xmlns:doc="http://www.lyncode.com/xoai" xsi:schemaLocation="http://www.loc.gov/MARC21/slim http://www.loc.gov/standards/marcxml/schema/MARC21slim.xsd">
   <leader>00925njm 22002777a 4500</leader>
   <datafield ind2=" " ind1=" " tag="042">
      <subfield code="a">dc</subfield>
   </datafield>
   <datafield ind2=" " ind1=" " tag="720">
      <subfield code="a">Brunner, I.</subfield>
      <subfield code="e">author</subfield>
   </datafield>
   <datafield ind2=" " ind1=" " tag="720">
      <subfield code="a">Bakker, M. R.</subfield>
      <subfield code="e">author</subfield>
   </datafield>
   <datafield ind2=" " ind1=" " tag="720">
      <subfield code="a">Björk, R. G.</subfield>
      <subfield code="e">author</subfield>
   </datafield>
   <datafield ind2=" " ind1=" " tag="720">
      <subfield code="a">Hirano, Y.</subfield>
      <subfield code="e">author</subfield>
   </datafield>
   <datafield ind2=" " ind1=" " tag="720">
      <subfield code="a">Lukac, M.</subfield>
      <subfield code="e">author</subfield>
   </datafield>
   <datafield ind2=" " ind1=" " tag="720">
      <subfield code="a">Aranda, Xavier</subfield>
      <subfield code="e">author</subfield>
   </datafield>
   <datafield ind2=" " ind1=" " tag="720">
      <subfield code="a">Børja, I.</subfield>
      <subfield code="e">author</subfield>
   </datafield>
   <datafield ind2=" " ind1=" " tag="720">
      <subfield code="a">Eldhuset, T. D.</subfield>
      <subfield code="e">author</subfield>
   </datafield>
   <datafield ind2=" " ind1=" " tag="720">
      <subfield code="a">Helmisaari, H. S.</subfield>
      <subfield code="e">author</subfield>
   </datafield>
   <datafield ind2=" " ind1=" " tag="720">
      <subfield code="a">Jourdan, C.</subfield>
      <subfield code="e">author</subfield>
   </datafield>
   <datafield ind2=" " ind1=" " tag="720">
      <subfield code="a">Konôpka, B.</subfield>
      <subfield code="e">author</subfield>
   </datafield>
   <datafield ind2=" " ind1=" " tag="720">
      <subfield code="a">López, B. C.</subfield>
      <subfield code="e">author</subfield>
   </datafield>
   <datafield ind2=" " ind1=" " tag="720">
      <subfield code="a">Miguel Pérez, C.</subfield>
      <subfield code="e">author</subfield>
   </datafield>
   <datafield ind2=" " ind1=" " tag="720">
      <subfield code="a">Persson, H.</subfield>
      <subfield code="e">author</subfield>
   </datafield>
   <datafield ind2=" " ind1=" " tag="720">
      <subfield code="a">Ostonen, I.</subfield>
      <subfield code="e">author</subfield>
   </datafield>
   <datafield ind2=" " ind1=" " tag="260">
      <subfield code="c">2012-07-08</subfield>
   </datafield>
   <datafield ind2=" " ind1=" " tag="520">
      <subfield code="a">Background and Aims Forest trees directly contribute to&#xd;
carbon cycling in forest soils through the turnover of their&#xd;
fine roots. In this study we aimed to calculate root turnover rates of common European forest tree species and to&#xd;
compare them with most frequently published values.&#xd;
Methods We compiled available European data and&#xd;
applied various turnover rate calculation methods to the resulting database. We used Decision Matrix and&#xd;
Maximum-Minimum formula as suggested in the&#xd;
literature.&#xd;
Results Mean turnover rates obtained by the combination of sequential coring and Decision Matrix were&#xd;
0.86 yr−1 for Fagus sylvatica and 0.88 yr−1 for Picea&#xd;
abies when maximum biomass data were used for the&#xd;
calculation, and 1.11 yr−1 for both species when mean&#xd;
biomass data were used. Using mean biomass rather&#xd;
than maximum resulted in about 30 % higher values of&#xd;
root turnover. Using the Decision Matrix to calculate&#xd;
turnover rate doubled the rates when compared to the&#xd;
Maximum-Minimum formula. The Decision Matrix,&#xd;
however, makes use of more input information than&#xd;
the Maximum-Minimum formula.&#xd;
Conclusions We propose that calculations using the Decision Matrix with mean biomass give the most reliable&#xd;
estimates of root turnover rates in European forests and&#xd;
should preferentially be used in models and C reporting.</subfield>
   </datafield>
   <datafield ind1="8" ind2=" " tag="024">
      <subfield code="a">Brunner, Ivano, Mark R. Bakker, Robert G. Björk, Yasuhiro Hirano, Martin Lukáč, Xavier Aranda, Isabella Børja, et al. 2012. “Fine-root Turnover Rates of European Forests Revisited: An Analysis of Data From Sequential Coring and Ingrowth Cores.” Plant and Soil 362: 357–372. https://doi.org/10.1007/s11104-012-1313-5.</subfield>
   </datafield>
   <datafield ind1="8" ind2=" " tag="024">
      <subfield code="a">0032-079X</subfield>
   </datafield>
   <datafield ind1="8" ind2=" " tag="024">
      <subfield code="a">http://hdl.handle.net/20.500.12327/2943</subfield>
   </datafield>
   <datafield ind1="8" ind2=" " tag="024">
      <subfield code="a">https://doi.org/10.1007/s11104-012-1313-5</subfield>
   </datafield>
   <datafield ind2="0" ind1="0" tag="245">
      <subfield code="a">Fine-root turnover rates of European forests revisited: an analysis of data from sequential coring and ingrowth cores</subfield>
   </datafield>
</record></metadata></record></GetRecord></OAI-PMH>